00919nam a2200193 a 450000100100000000500170001000800410002702000180006804000250008610000270011124501110013826000390024930000210028870000630030995201200037295201050049295201110059799900170070800003688620240305140748.0120203s2011 dr 000 0 spa d a9789945473230 aDO-SdBNPbspacBNPHU1 aRivera, Ernesto96326810aSiete de Julio :bPinceladas de una vida /cErnesto Rivera ; prólogo Ramón Benito de la Rosa y Carpio. aSanto Domingo :bSantuario,c2011. a193 p. ;c24 cm.12a Rosa y Carpio, Ramón Benito de la,d1939-ecomp.974159 001054708DSaGRbGRcCTd2012-02-03iLF1l0o p36886-30r2020-06-25te. 3w2020-06-25yLFDSZPréstamo en sala 0010718PDaPDbPDcHDd2012-02-03iLF1l0o p36886-10r2020-06-25w2020-06-25yLFPDZNo se presta 0010718PDaPDbPDcCTd2012-02-03iLF1l0o p36886-20r2020-06-25te. 2w2020-06-25yLFPDZNo se presta c36377d36377